Muslim Community in Britain (Record no. 6048)

MARC details
000 -LEADER
fixed length control field 00649nam a2200241 a 4500
020 ## - INTERNATIONAL STANDARD BOOK NUMBER
ISBN
082 00 - DEWEY DECIMAL CLASSIFICATION NUMBER
Classification number 305.6297041
Author Cutter SAN
100 ## - MAIN ENTRY--AUTHOR NAME
Author name Sanneh, L O
245 ## - TITLE STATEMENT
Title Muslim Community in Britain
Sub title Religious Factor in British Immigration: Repor
260 ## - PUBLICATION, DISTRIBUTION, ETC. (IMPRINT)
Place of publication Britain
Name of publisher British Council of Churches and the Conf
Year of publication 0000
300 ## - PHYSICAL DESCRIPTION
Number of Pages 28p.
500 ## - GENERAL NOTE
General note includes index and biblioraphy
505 2# - FORMATTED CONTENTS NOTE
Formatted contents note cyclostyled
650 ## - SUBJECT ADDED ENTRY--TOPICAL TERM
Topical Term Muslims-Britain
942 ## - ADDED ENTRY ELEMENTS (KOHA)
Koha item type Books
700 1# -
-- Sanneh, L O
Holdings
Home library Current library Date acquired Cost, normal purchase price Full call number Accession Number Koha item type
Henry Martyn Institute Library Henry Martyn Institute Library 03/27/2007 100.00 305.6297041 SAN 07807 E-Books
                   Copyright © 2026 | Henry Martyn Institute | Hyderabad | TS-500052 | INDIA | Implemented by hmi.edu.in
Hit-Count:

Powered by Koha